000 00560nam a2200193Ia 4500
005 20250508160814.0
008 008 250505s9999 xx 000 0 eng d
037 _aTextual
040 _aFEDL
_beng
_cFEDL
041 _aeng
_2eng
084 _a378, BUT
_qFEDL
100 _aButcher H J Ed.
_990755
245 0 _aContemporary problems in higher education : An account of research
260 _aLondon, UK
_bMcGraw Hill
_c1972
300 _a401p
700 _a Rudd Ernest Ed.
_9769415
942 _cTEXL
_h378, BUT
999 _c1366723
_d1366723